Central Library OPAC University of Rajshahi

Farmers in a changing world / (Record no. 30377)

MARC details
000 -LEADER
fixed length control field 00797cam a2200253u 4500
001 - CONTROL NUMBER
control field 30377
003 - CONTROL NUMBER IDENTIFIER
rucl marc code BD-RjUL
005 - DATE AND TIME OF LATEST TRANSACTION
control field 20211209051544.0
008 - FIXED-LENGTH DATA ELEMENTS--GENERAL INFORMATION
fixed length control field 140409s1940 dcuabc 001 0 eng
035 ## - SYSTEM CONTROL NUMBER
System control number (BD-RjUL)30462
040 ## - CATALOGING SOURCE
Original cataloging agency DLC
Transcribing agency CarP
Modifying agency BD-RjUL
Language of cataloging eng
041 ## - LANGUAGE CODE
Language code of text/sound track or separate title eng
082 00 - DEWEY DECIMAL CLASSIFICATION NUMBER
Classification number 630.973
Author mark and year UNF 1940
110 1# - MAIN ENTRY--CORPORATE NAME
Corporate name or jurisdiction name as entry element United States
Subordinate unit Department of Agriculture.
9 (RLIN) 25484
245 10 - TITLE STATEMENT
Title Farmers in a changing world /
Statement of responsibility, etc. United States Department of Agriculture.
260 ## - PUBLICATION, DISTRIBUTION, ETC. (IMPRINT)
Place of publication, distribution, etc. Washington :
Name of publisher, distributor, etc. U. S. Govt. Print. Off.,
Date of publication, distribution, etc. 1940.
300 ## - PHYSICAL DESCRIPTION
Pagination xii, 1215 p. :
Illustrations ill. ;
Size 24 cm.
504 ## - BIBLIOGRAPHY, ETC. NOTE
Bibliography, etc Includes index.
650 #0 - SUBJECT ADDED ENTRY--TOPICAL TERM
Topical term or geographic name as entry element Agriculture
Geographic subdivision United States
General subdivision History.
9 (RLIN) 87573
Topical term or geographic name as entry element Agriculture and state
Geographic subdivision United States.
9 (RLIN) 92333
942 ## - ADDED ENTRY ELEMENTS (KOHA)
Source of classification or shelving scheme Dewey Decimal Classification
Koha item type Books
Holdings
Lost status Source of classification or shelving scheme Damaged status Not for loan Collection code Permanent Location Current Location Shelving location Date acquired Source of acquisition Cost, normal purchase price Total Checkouts Full call number Date last seen Copy number Koha item type
  Dewey Decimal Classification   Not For Loan Non-fiction Central Library, University of Rajshahi Central Library, University of Rajshahi Reading Room 27/01/1962 A. I. Qurashi 25.00   630.973 UNF 1940 09/04/2014 C-1 Books